The adventures of Huckleberry Finn

I tiakina i:
Ngā taipitopito rārangi puna kōrero
Kaituhi matua: Twain, Mark (Author)
Hōputu: Pukapuka
Reo:Ingarihi
I whakaputaina: Londres Longmans 1962
Ngā marau:
Ngā Tūtohu: Tāpirihia he Tūtohu
Kāore He Tūtohu, Me noho koe te mea tuatahi ki te tūtohu i tēnei pūkete!

MARC

LEADER 00000nam a2200000 a 4500
001 UCZ2879
003 CL-VaPUC
008 951013e19620000UK |||||||||||||||||eng|d
082 0 4 |a 813  |b TWA  |2 21 
100 0 |a Twain, Mark  |e author  |9 243 
245 1 4 |a The adventures of Huckleberry Finn 
300 |a 128 p 
942 |c BK 
945 |d 19951013 00:00:00  |a awong 
260 |a Londres  |b Longmans  |c 1962 
650 0 |a Novelas estadounidenses  |9 265217 
583 |a last modification  |c 19951013 00:00:00  |k Rodrigo Vera 
999 |c 239423  |d 239421 
952 |0 0  |1 0  |4 0  |6 813_000000000000000_TWA_1962  |7 0  |8 A  |9 250532  |a BIBEDU  |b BIBEDU  |d 2019-11-18  |i 3136493  |l 1  |o 813 TWA 1962  |p 3136493  |r 2023-08-30  |s 2023-08-30  |w 2019-11-18  |y BK  |k LIT